Sekuritizace jako nástroj finančního inženýrství

Sekuritizácia, podstatou ktorej je transformácia relatívne nelikvidných pohľadávok do obchodovateľných cenných papierov, patrí medzi najrozšírenejšie produkty finančného inžinierstva. Určenie priority cenných papierov. Typy sekuritizácie. Proces sekuritizácie.

Salvato in:
Dettagli Bibliografici
Autore principale: Kameníková, Blanka
Natura: Capitolo di libro
Lingua:slovacco
Soggetti:
Tags: Aggiungi Tag
Nessun Tag, puoi essere il primo ad aggiungerne!!

MARC

LEADER 00000naa$a2200000$$$4500
001 0092683
005 20221207083357.6
041 0 |a slo 
044 |a SK 
245 1 0 |a Sekuritizace jako nástroj finančního inženýrství  |c Blanka Kameníková 
520 |a Sekuritizácia, podstatou ktorej je transformácia relatívne nelikvidných pohľadávok do obchodovateľných cenných papierov, patrí medzi najrozšírenejšie produkty finančného inžinierstva. Určenie priority cenných papierov. Typy sekuritizácie. Proces sekuritizácie. 
610 2 0 |a sekuritizácia 
610 2 0 |a inžinierstvo finančné 
610 2 0 |a riziko finančné 
100 1 |a Kameníková, Blanka